Statistiques concernant Paroles - Samedi soir sur la terre - Cabrel

Cliquez ici pour prendre le quiz!

Statistiques générales

  • Ce quiz a été pris 97 fois
  • Le résultat moyen est 209 sur 267

Statistiques - réponses

Réponse% Correct
à
100%
À
100%
Il
100%
il
100%
la
100%
samedi
100%
soir
100%
soir...
100%
sur
100%
terre
100%
Un
100%
un
100%
de
97%
elle
97%
Elle
97%
Le
97%
le
97%
se
97%
ce
96%
est
96%
ses
94%
Une
94%
une
94%
Et
93%
et
93%
Qui
93%
du
91%
Si
91%
Que
90%
que
90%
voit
90%
voit,
90%
On
84%
Dans
83%
ils
83%
Ils
83%
Pas
83%
C'est
81%
c'est
81%
les
81%
pour
81%
tout
81%
yeux
81%
histoire
80%
Qu'il
80%
qu'il
80%
En
78%
en
78%
je
78%
son
78%
veut
78%
Comme
77%
disent
75%
plus
75%
leurs
74%
peine
72%
peu
72%
peu,
72%
va
72%
D'un
71%
ordinaire
71%
qu'elle
70%
qu'ils
70%
d'une
68%
simplement,
68%
simplement
68%
voiture
68%
arrière
67%
Cette
67%
gestes
67%
siège
67%
font
65%
regards
65%
reste
65%
bien
64%
croisent
64%
figurine
64%
sont
64%
arrive,
62%
chacun
62%
coup
61%
musique
61%
regarde
61%
D'où
59%
précis
59%
déjà
58%
finie
58%
forte
58%
précise
58%
viennent
58%
ombres
57%
Tellement
57%
cheveux,
55%
d'être
54%
falloir
54%
feu
54%
savent
54%
sortent
54%
classique
52%
d'enfant
52%
fines
52%
juste
52%
normale
52%
toucher
52%
Après
51%
Après,
51%
ferait
51%
frôlent,
51%
front
51%
mettre
51%
refaire
51%
s'est
51%
soit
51%
aventure
49%
c'était
49%
obligés
49%
parlent,
49%
Quelque
49%
autant
48%
devine
48%
commence
46%
désir
46%
dessine
45%
phrases
45%
s'arrange
45%
verre
45%
accepte,
43%
prépare
43%
espère
42%
bleues
41%
fumée
41%
s'approchant
41%
sourires
41%
avancée
39%
étale
39%
partout
39%
s'installe,
39%
relève
29%

Distribution des résultats

Percentile par nombre de réponses

% des personnes avec chaque résultat

Votre développement - résultats

Vous n’avez pas pris ce quiz